000 01602nam0a2200325 4500
001 RU\NLR\bibl\1309120
005 20260607063632.0
010 _a5-88060-128-5
_96000
021 _aRU
_b2008-84287
_94914
035 _a(NLR Aleph) 001294590
090 _a580634
_c580634
100 _a20081217d2008 |||y0rusy50 ca
101 0 _arus
102 _aRU
105 _aabch|||||||||
200 1 _aЖенская Зосимова Пустынь
_eисторический очерк
_fсост. монахиня Зосима (Верховская)
210 _aМосква
_cПаломник
_d2008
215 _a637 с., [1] л. цв. портр.
_cил., факс., портр., карт.
_d21
320 _aБиблиогр. в примеч. в конце частей
601 0 2 _aТроице-Одигитриевский женский монастырь
_cМосковская губерния
_92202278
_3RU\NLR\auth\661323326
686 _aЭ372.24-647.2
702 0 _4220
_8rus
_7ca
_aЗосима
_cВерховская, Людмила Александровна
_cмонахиня
_f1938-
_3RU\NLR\auth\7778734
_961662
702 0 _4570
_8rus
_7ca
_aЗосима
_cВерховский, Захарий Васильевич
_cсхимонах
_f1767-1833
_3RU\NLR\auth\7710886
_9120649
712 0 2 _4570
_aТроице-Одигитриевский женский монастырь
_cМосковская губ.
_3RU\NLR\AUTH\889927055
_9349775
801 0 _aRU
_bNLR
_c20081217
_gRCR
801 1 _aRU
_bNLR
_c20081217
942 _cBOOK
980 _aNB